000 01050cam a2200385 4500
003 data
004 data
005 20260322212017.0
008 data
010 _a 89009405 //r93
020 _a0688046592 :
_c22.95
020 _a9780688046590 :
_c22.95
040 _aDLC
_cDLC
_dMYG
_dMYG
043 _ae-uk---
050 0 0 _aPR6056.O45
_bP55 1989
099 _aFOLLEK
100 1 _aFollett, Ken.
245 1 0 _aPillars of the earth /
_cKen Follett.
250 _a1st ed.
260 _aNew York :
_bMorrow,
_cc2007.
300 _a973 p. :
_bill. ;
_c25 cm.
336 _atext
_btxt
_2rdacontent
337 _aunmediated
_bn
_2rdamedia
338 _avolume
_bnc
_2rdacarrier
650 0 _aCathedrals
_xFiction
650 0 _aGreat Britain
_xHistory
650 0 _aThrillers
651 0 _aGreat Britain
_xHistory
_yStephen, 1135-1154
_vFiction.
655 7 _aHistorical fiction.
_2gsafd
655 7 _aEpic literature.
_2gsafd
655 7 _aHistorical fiction.
_2lcgft
655 7 _aEpic fiction.
_2lcgft
655 7 _aFiction.
_2lcgft
001 data
999 _c363
_d363